[Event "Brno op 3rd"]
[Site "Brno"]
[Date "2012.11.13"]
[Round "4"]
[White "Halbrstat, Petr"]
[Black "Baraniuk, Andrej"]
[Result "0-1"]
[WhiteElo "1483"]
[BlackElo "1661"]
[PlyCount "134"]
[EventDate "2012.11.10"]
[EventType "swiss"]
[EventRounds "9"]
[EventCountry "CZE"]
[SourceTitle "CBM 151 Extra"]
[Source "ChessBase"]
[SourceDate "2012.12.18"]
[SourceVersion "1"]
[SourceVersionDate "2012.12.18"]
[SourceQuality "1"]

1. d4 Nf6 2. Bf4 d5 3. e3 Bf5 4. Nf3 Nbd7 5. Nbd2 c6 6. c3 Qb6 7. Qb3 e6 8. Qxb6 axb6 9. Ne5 Be7 10. Nxd7 Nxd7 11. Nf3 0-0 12. Ne5 Nxe5 13. Bxe5 f6 14. Bc7 b5 15. Bb6 e5 16. Bc5 Bxc5 17. dxc5 Ra7 18. Be2 Rfa8 19. a3 Rd8 20. Rd1 Ra4 21. h3 d4 22. g4 Bg6 23. Rd2 d3 24. Bd1 Raa8 25. f3 e4 26. f4 Bf7 27. 0-0 Rd5 28. h4 Rxc5 29. Rff2 Kf8 30. g5 f5 31. h5 g6 32. hxg6 hxg6 33. Rh2 Kg7 34. Rh4 Rh8 35. Rxh8 Kxh8 36. Rh2+ Kg7 37. Rd2 Bc4 38. Kf2 Bf7 39. Ke1 Rd5 40. Rh2 Rd8 41. Kd2 Rh8 42. Rxh8 Kxh8 43. b4 Kg7 44. Kc1 Kf8 45. Kb2 Ke7 46. a4 bxa4 47. Bxa4 Bc4 48. Bd1 Kd6 49. Ka3 b5 50. Kb2 c5 51. bxc5+ Kxc5 52. Ka3 d2 53. Kb2 Bd3 54. Kb3 Kb6 55. Kb2 Kc6 56. Kb3 Kc5 57. Ka3 Kc4 58. Kb2 b4 59. cxb4 Kxb4 60. Bb3 Be2 61. Kc2 d1Q+ 62. Kb2 Qxb3+ 63. Kc1 Qxe3+ 64. Kc2 Bd3+ 65. Kb2 Qd2+ 66. Ka1 Qc1+ 67. Ka2 Bc4# 0-1

[Event "Brno Duras op-B"]
[Site "Brno"]
[Date "2012.06.29"]
[Round "8"]
[White "Halbrstat, Petr"]
[Black "Tajovsky, Matej"]
[Result "1-0"]
[WhiteElo "1399"]
[BlackElo "1100"]
[PlyCount "133"]
[EventDate "2012.06.23"]
[EventType "tourn"]
[EventRounds "9"]
[EventCountry "CZE"]
[SourceTitle "CBM 149 Extra"]
[Source "ChessBase"]
[SourceDate "2012.08.24"]
[SourceVersion "1"]
[SourceVersionDate "2012.08.24"]
[SourceQuality "1"]

1. d4 d5 2. Bf4 Nf6 3. e3 e6 4. Nf3 c5 5. Bxb8 Rxb8 6. c3 Be7 7. Qa4+ Bd7 8. Qxa7 Qc7 9. Ne5 0-0 10. Ba6 Qa5 11. Nd3 Qxa6 12. Qxa6 bxa6 13. Nxc5 Bxc5 14. dxc5 Rxb2 15. Nd2 Ne4 16. Nxe4 dxe4 17. 0-0 h6 18. Rfb1 Rfb8 19. Rxb2 Rxb2 20. g3 Rc2 21. Rd1 Ba4 22. Rd8+ Kh7 23. Rd4 Bb5 24. a4 Bc6 25. Rd6 Bxa4 26. Rxa6 Bb3 27. c6 Rxc3 28. Ra3 Rc1+ 29. Kg2 Bd5 30. Ra7 Rxc6 31. Rxf7 Kg6 32. Re7 Rb6 33. h4 Rb7 34. Re8 Kh5 35. Kh3 Rb2 36. Rf8 e5 37. Rf5+ Kg6 38. Rxe5 Bb7 39. Re7 Bc8+ 40. Kg2 Rb4 41. Rc7 Ba6 42. Rc6+ Kf5 43. Rxa6 g5 44. Rxh6 g4 45. Rh5+ Kg6 46. Rg5+ Kh6 47. Rxg4 Kh5 48. Kh3 Rb2 49. Rf4 Rb4 50. g4+ Kg6 51. h5+ Kg5 52. Rf5+ Kh6 53. Kh4 Rb8 54. g5+ Kh7 55. Rf7+ Kg8 56. g6 Kh8 57. h6 Re8 58. Kg5 Re5+ 59. Rf5 Rxf5+ 60. Kxf5 Kg8 61. Kf6 Kh8 62. g7+ Kh7 63. Kf7 Kxh6 64. g8Q Kh5 65. Kf6 Kh4 66. Kf5 Kh3 67. Qg3# 1-0